| 000 | 00454nam a2200193Ia 4500 | ||
|---|---|---|---|
| 008 | 151121s9999||||xx |||||||||||||| ||und|| | ||
| 082 | _a973/Hun | ||
| 082 | _bHNW-9581 | ||
| 100 | _aHunter W। W। | ||
| 245 | _aRulers of India | ||
| 260 | _bLord William Bentinck | ||
| 260 | _c-- | ||
| 300 | _a214 | ||
| 600 | _aHunter W। W। | ||
| 630 | _aRulers of India | ||
| 700 | _aHunter W। W। | ||
| 730 | _aRulers of India | ||
| 942 | _cBOOK | ||
| 999 |
_c1215175 _d1215172 |
||